The big book of animal life
| Main Author: | |
|---|---|
| Format: | Book |
| Published: |
London :
The Octopus Publishing ,
1990
|
| Series: | The big book of ...
|
| Subjects: |
MARC
| LEADER | 00000cam a2200000 7i4500 | ||
|---|---|---|---|
| 001 | 0000000185 | ||
| 002 | 000000247 | ||
| 005 | 20080401.0 | ||
| 020 | |a 0600571122 | ||
| 090 | 0 | 0 | |a J 032.02 |b LAM |
| 100 | 1 | |a Lambert, Mark | |
| 245 | 1 | 4 | |a The big book of animal life |c Mark Lambert |
| 260 | |a London : |b The Octopus Publishing , |c 1990 | ||
| 300 | |a 75p. : |b ill. ; |c 39cm. | ||
| 490 | 0 | |a The big book of ... | |
| 650 | 0 | 0 | |a Animals |x Habits and behavior |x Juvenile literature |
| 999 | |a 027461 |b BUKU |c PINJAMAN |e PERPUSTAKAAN KOMUNITI PETALING JAYA | ||